000 00375nam a22001577a 4500
005 20260527115436.0
008 260527b |||||||| |||| 00| 0 eng d
041 _2ENGLISH
100 _aPAGE ONE
245 _aHOW TO DRAW PERSPECTIVE
250 _a2011
260 _aSINGAPORE
_bPAGE ONE PUBLISHING
_c1/12/2025
300 _aP-350
365 _b1995.00
942 _cBK
999 _c1222104
_d1222104